Responses for show #5942 - Tuesday, June 15, 2010

Contestants

Anne Triolo, a screenwriter and bookstore manager from Bellefonte, Pennsylvania

Jonah Busch, an environmental economist originally from West Lafayette, Indiana

Marty Scott, an assistant district attorney from Forney, Texas (whose 3-day cash winnings total $64,002)

Jeopardy! Round responses

AESOP'S FABLES
SPORTS STARS' MEMOIRS & BIOS
THE FOOD CHAIN
FOREIGN MAYORS
HERE'S A "QUARTER"
CALL SOMEONE WHO CARES
    $200 8
sleep (or take a nap)

Marty
    $200 1
Lance Armstrong

Marty
    $200 24
cheese

Marty
    $200 19
Tehran

Jonah
    $200 3
the Quarter Pounder

Marty
    $200 16
the Red Cross

Marty
    $400 11
the fox

Anne
    $400 2
(Anne: Who is John McEnroe?)

(Andre) Agassi

JonahAnne
    $400 27
beef

Marty
    $400 20
Jerusalem

Jonah
    $400 4
a Monday-morning quarterback

Marty
    $400 17
Big Brothers Big Sisters

Marty
    $600 12
the mouse

Anne
    $600 9
Magic Johnson

Marty
    $600 28
butter

Marty
    $600 21
Brasilia

Jonah
    $600 5
a quarterhorse

Anne
    $600 18
UNICEF

Anne
    $3,000 13
the ant & the grasshopper

Anne
    $800 10
Hulk Hogan

Anne
    $800 29
pie

Marty
    $800 22
Taipei

Jonah
    $800 6
(Jonah: What is a quarter note?)

a quarter rest

MartyJonah
    $800 25
the ASPCA

Marty
    $1000 14
a peacock

Marty
    $1000 15
(Pat) Tillman

Marty
    $1000 30
(Marty: What is yam?)

apple

MartyAnne
    $1000 23
Ireland

Anne
    $1000 7
a quartermaster

Anne
    $1000 26
Yellow Ribbon

Anne

Scores at the first commercial break (after clue 15):

Marty Jonah Anne
$4,400 -$400 $6,000

Scores at the end of the Jeopardy! Round:

Marty Jonah Anne
$6,800 $1,600 $9,600

Double Jeopardy! Round responses

A "LITTLE" READING
WHAT'S ON YOUR iPOD?
YOU GOTTA REPRESENT
THE CURRENT SUPREME COURT JUSTICE WHO
HORSE SMARTS
WORD PUZZLES
    $400 1
Stuart Little

Anne
    $400 6
Elton John

Jonah
    $400 21
wolf

Anne
    $400 10
Alito

Jonah
    $400 26
Mexico

Jonah
    $400 16
split level

Jonah
    $800 2
Little Dorrit

Anne
    $800 7
Marvin Gaye

Jonah
    $800 22
water

Anne
    $800 11
Anthony Kennedy

Triple Stumper
    $800 27
foal

Marty
    $800 17
get up and go

Anne
    $1200 3
Little Drummer Girl

Anne
    $1200 8
(George) Clinton

Jonah
    $1200 23
Wicca

Anne
    $4,400 12
John Roberts

Jonah
    $1200 30
a star

Jonah
    $1200 18
Unfinished symphony

Anne
    $4,000 4
Come Back, Little Sheba

Anne
    $1600 9
Stevie Wonder

Triple Stumper
    $1600 24
chocolate

Triple Stumper
    $1600 13
Ginsburg (or Stephen Breyer)

Marty
    $1600 29
(Marty: What's a Palomino?)
(Anne: What is a Pinto?)

Appaloosa

MartyAnne
Triple Stumper
    $1600 19
win with ease

Triple Stumper
    $2000 5
The Little Foxes

Marty
    $2000 15
Lucinda Williams

Triple Stumper
    $2000 25
crook

Marty
    $2000 14
(Marty: Who is Souter?)

Antonin Scalia

Marty
Triple Stumper
    $2000 28
the Lipizzaner stallions

Marty
    $2000 20
high hopes

Marty

Scores at the end of the Double Jeopardy! Round:

Marty Jonah Anne
$13,600 $10,800 $18,800

[wagering suggestions for these scores]

Final Jeopardy! Round responses

THE 50 STATES
(Alex: There are a lot of "New"s, there are a couple of "Norths", "Souths", there's a "West", but this one, nowhere else.)
JonahWhat is Rhode Island?
$1,400
MartyWhat is Rhode Island
$2,400
AnneWhat is Rhode Island?
$9,000
Rhode Island

Final scores:

Marty Jonah Anne
$16,000 $12,200 $27,800
2nd place: $2,000 3rd place: $1,000 New champion: $27,800

Game dynamics:

Coryat scores:

Marty Jonah Anne
$13,600 $7,600 $14,200
21 R,
3 W
13 R
(including 1 DD),
1 W
19 R
(including 2 DDs),
2 W

Combined Coryat: $35,400

The J! Archive is created by fans, for fans. The Jeopardy! game show and all elements thereof, including but not limited to copyright and trademark thereto, are the property of Jeopardy Productions, Inc. and are protected under law. This website is not affiliated with, sponsored by, or operated by Jeopardy Productions, Inc. Join the discussion at JBoard.tv.